Complete the pizza order - Statistics

General Stats
  • This quiz has been taken 130 times
  • The average score is 9 of 12
Answers on the Map
Answers color-coded by a green-red scale on the quiz's map according to % correct below.
 
Answer Stats
Order Ingredient % Correct
Be careful, a good pizza always uses a good sauce. Tomato sauce
95%
I always add these small fruits, either black or green. Olives
90%
To continue this good start, let's add slices of this good fresh Italian cheese. Mozzarella
89%
Why would you add exotic fruits on a pizza ? What's wrong with you ?? Pineapple
83%
Impossible to make a pizza without this base. It would just be toppings merged together ! The dough
82%
To continue flavouring you can add leaves of this plant, it feels like summer ! Basil
76%
We can sprinkle with this other typical Italian cheese. You never put too much of this anyway ! Parmesan
71%
For those who are not vegetarian you can add a few slices... Ham
70%
And if you are more into autumn vibes, I brought this from my last forest walk. I checked and these are indeed edible. Mushrooms
69%
Are you sure you want to add this? It's not like we're baking for breakfast with bacon... The egg
62%
This aromatic herb is perfect for a typical Italian pizza! Oregano
59%
Oh no, it might not be a good idea to add this kind of Spanish sausage, it makes pizzas spicy. Chorizo
52%
No matching quizzes found
Score Distribution
Percent of People with Each Score
Percentile by Number Answered
Your Score History
You have not taken this quiz